Briefing by Alfred L. Atherton, Jr., Assistant Secretary of State, Bureau of Near Eastern and South Asian Affairs, on the Middle East.

Bibliographic Details
Format: eBook
Language:English
Published: [Washington : U.S. G.P.O.], 1977.
Subjects:
Online Access:Electronic resource (PDF)

MARC

Tag First Indicator Second Indicator Subfields
LEADER 00000cam a22000001i 4500
001 in00004121925
005 20200117090823.0
006 m d f
007 cr bn mmmapmmp
008 091109s1977 dcu o f000 0 eng d
035 |a cis2007528458 
040 |a UMI  |b eng  |e rda  |c UMI  |d UtOrBLW 
043 |a aw----- 
110 1 |a United States.  |b Congress.  |b Senate.  |b Committee on Foreign Relations,  |e issuing body.  |0 http://id.loc.gov/authorities/names/n78008230 
245 1 0 |a Briefing by Alfred L. Atherton, Jr., Assistant Secretary of State, Bureau of Near Eastern and South Asian Affairs, on the Middle East. 
264 1 |a [Washington :  |b U.S. G.P.O.],  |c 1977. 
300 |a 2 pages, digital, PDF file. 
336 |a text  |2 rdacontent  |b txt 
337 |a computer  |b c  |2 rdamedia 
338 |a online resource  |2 rdacarrier  |b cr 
500 |a Record is based on bibliographic data in ProQuest Congressional Hearings Digital Collection (last viewed July 2018) Reuse except for individual research requires license from ProQuest, LLC. 
538 |a System requirements: PDF reader software. 
500 |a Electronic resource. 
610 1 0 |a United States.  |b Department of State.  |0 http://id.loc.gov/authorities/names/n80126198 
651 0 |a Middle East.  |0 http://id.loc.gov/authorities/subjects/sh85090501 
776 0 8 |a United States. Congress. Senate. Committee on Foreign Relations  |t Briefing by Alfred L. Atherton, Jr., Assistant Secretary of State, Bureau of Near Eastern and South Asian Affairs, on the Middle East  |o 95 SFo-T.77 
730 0 |a ProQuest U.S. Congressional Hearings Digital Collection. 
856 4 0 |u http://proxy.library.tamu.edu/login?url=http://congressional.proquest.com/congcomp/getdoc?HEARING-ID=HRG-1977-FOR-0115  |y Electronic resource (PDF)  |t 0 
999 f f |s a4262aca-83e5-3560-98a6-33e1547cb151  |i 93ec8836-c3e2-39e8-9354-25cad1b63d54  |t 0 
952 f f |a Texas A&M University  |b College Station  |c Electronic Resources  |d Available Online  |t 0  |h No information provided 
998 f f |t 0  |l Available Online